Central Library OPAC University of Rajshahi

Introductory rural sociology : (Record no. 1547)

MARC details
000 -LEADER
fixed length control field 00817pam a2200277 4500
001 - CONTROL NUMBER
control field 1547
003 - CONTROL NUMBER IDENTIFIER
rucl marc code BD-RjUL
005 - DATE AND TIME OF LATEST TRANSACTION
control field 20211208233346.0
008 - FIXED-LENGTH DATA ELEMENTS--GENERAL INFORMATION
fixed length control field 131208r20051997nyuab b 001 0 eng
020 ## - INTERNATIONAL STANDARD BOOK NUMBER
International Standard Book Number 0470155892
International Standard Book Number 8124409717
035 ## - SYSTEM CONTROL NUMBER
System control number (BD-RjUL)1572
040 ## - CATALOGING SOURCE
Original cataloging agency DLC
Transcribing agency DLC
Modifying agency DLC
-- BD-RjUL
Language of cataloging eng
041 ## - LANGUAGE CODE
Language code of text/sound track or separate title eng
082 00 - DEWEY DECIMAL CLASSIFICATION NUMBER
Classification number 307.72
Author mark and year CHI
100 1# - MAIN ENTRY--PERSONAL NAME
Personal name Chitambar, J. B.
9 (RLIN) 5115
245 10 - TITLE STATEMENT
Title Introductory rural sociology :
Remainder of title a synopsis of concepts and principles /
Statement of responsibility, etc. J. B. Chitambar.
260 ## - PUBLICATION, DISTRIBUTION, ETC. (IMPRINT)
Place of publication, distribution, etc. New York :
Name of publisher, distributor, etc. Halsted Press,
Date of publication, distribution, etc. c1997[reprinted 2005]
300 ## - PHYSICAL DESCRIPTION
Pagination xii, 369 p.:
Illustrations illus;
Size 22 cm.
504 ## - BIBLIOGRAPHY, ETC. NOTE
Bibliography, etc Includes index and Bibliographical references
526 ## - STUDY PROGRAM INFORMATION NOTE
Requested Dept. Social science
650 #0 - SUBJECT ADDED ENTRY--TOPICAL TERM
Topical term or geographic name as entry element Sociology, Rural.
9 (RLIN) 5116
942 ## - ADDED ENTRY ELEMENTS (KOHA)
Source of classification or shelving scheme Dewey Decimal Classification
Koha item type Books
Holdings
Lost status Source of classification or shelving scheme Damaged status Not for loan Collection code Permanent Location Current Location Shelving location Date acquired Source of acquisition Cost, normal purchase price Total Checkouts Full call number Date last seen Copy number Koha item type Date checked out
  Dewey Decimal Classification     Non-fiction Central Library, University of Rajshahi Central Library, University of Rajshahi   08/06/2006 Dhaka Progan Enterprise 200.00   307.72 CHI 2005 08/12/2013 C-6 Books  
  Dewey Decimal Classification     Non-fiction Central Library, University of Rajshahi Central Library, University of Rajshahi   08/06/2006 Paragon Enterprises Dhaka 200.00   307.72 CHI 2005 14/05/2014 C-7 Books  
  Dewey Decimal Classification     Non-fiction Central Library, University of Rajshahi Central Library, University of Rajshahi   28/11/1983     1 307.72 CHI 2005 22/08/2015 C-4 Books 11/08/2015